Диалектологический словарь ненецкого языка (Запись № 1795668)

Подробности
000 -МАРКЕР
контрольное поле 01981nam0a2200397 4500
001 - ИДЕНТИФИКАТОР ЗАПИСИ
контрольное поле RU\NLR\bibl\1811846
005 - ИДЕНТИФИКАТОР ВЕРСИИ
контрольное поле 20260405141015.0
010 ## - МЕЖДУНАРОДНЫЙ СТАНДАРТНЫЙ НОМЕР КНИГИ (ISBN)
Номер (ISBN) 978-5-91356-096-4
Тираж 1000
021 ## - НОМЕР ГОСУДАРСТВЕННОЙ РЕГИСТРАЦИИ
Код страны Российская Федерация
Номер 2011-64706
Номер Листа государственной регистраци 4553
035 ## - ДРУГИЕ СИСТЕМНЫЕ НОМЕРА
Идентификатор записи (NLR Aleph) 001802451
100 ## - ДАННЫЕ ОБЩЕЙ ОБРАБОТКИ
Данные общей обработки 20110922d2010 |||y0rusy50 ca
101 0# - ЯЗЫК РЕСУРСА
Язык текста, звукозаписи и т.д. русский
102 ## - СТРАНА ПУБЛИКАЦИИ ИЛИ ПРОИЗВОДСТВА
Страна публикации Российская Федерация
105 ## - ПОЛЕ КОДИРОВАННЫХ ДАННЫХ: ТЕКСТОВЫЕ МАТЕРИАЛЫ, МОНОГРАФИЧЕСКИЕ
Кодированные данные о монографическом текстовом документе y |||||||||
200 1# - ЗАГЛАВИЕ И СВЕДЕНИЯ ОБ ОТВЕТСТВЕННОСТИ
Основное заглавие Диалектологический словарь ненецкого языка
Сведения, относящиеся к заглавию около 3600 слов
Первые сведения об ответственности С.И. Буркова, Н.Б. Кошкарева, Р.И. Лаптандер, Н.М. Янгасова
Последующие сведения об ответственности под общ. ред. Н.Б. Кошкаревой
-- Рос. акад. наук, Сиб. отд-ние, Ин-т филологии
210 ## - ПУБЛИКАЦИЯ, РАСПРОСТРАНЕНИЕ И ДР.
Место издания, распространения и т.д. Екатеринбург
Имя издателя, распространителя и т. д. Баско
Дата издания, распространения и т.д. 2010
215 ## - ФИЗИЧЕСКАЯ ХАРАКТЕРИСТИКА
Специфическое обозначение материала и объем 351 с.
Размеры 27
300 ## - ОБЩИЕ ПРИМЕЧАНИЯ
Текст примечания На обороте тит. л. авт.: к.ф.н. С.И. Буркова, д.ф.н. Н.Б. Кошкарева, к.ф.н. Р.И. Лаптандер
320 ## - ПРИМЕЧАНИЯ О НАЛИЧИИ В ДОКУМЕНТЕ БИБЛИОГРАФИИ / УКАЗАТЕЛЯ
Текст примечания Библиогр.: с. 342-347
606 1# - НАИМЕНОВАНИЕ ТЕМЫ КАК ПРЕДМЕТ
Наименование темы Ненецкий язык
Тематический подзаголовок Диалектные словари
Системный номер авторитетной/нормативной записи 2630279
Идентификатор авторитетной/нормативной записи RU\NLR\auth\661566839
606 1# - НАИМЕНОВАНИЕ ТЕМЫ КАК ПРЕДМЕТ
Наименование темы Ненецкий язык
Формальный подзаголовок Словари
Тематический подзаголовок Тундровой диалект
Системный номер авторитетной/нормативной записи 2318854
Идентификатор авторитетной/нормативной записи RU\NLR\auth\661387368
686 ## - ИНДЕКСЫ ДРУГИХ КЛАССИФИКАЦИЙ
Индекс Ш166.71-451
701 #1 - ИМЯ ЛИЦА - АЛЬТЕРНАТИВНАЯ ОТВЕТСТВЕННОСТЬ
Начальный элемент ввода Буркова
Часть имени, кроме начального элемента ввода С. И.
Код отношения Автор
701 #1 - ИМЯ ЛИЦА - АЛЬТЕРНАТИВНАЯ ОТВЕТСТВЕННОСТЬ
Код отношения Автор
Материалы, к которым относится поле rus
Графика поля Кириллица
Начальный элемент ввода Кошкарева
Часть имени, кроме начального элемента ввода Н. Б.
Расширение инициалов личного имени Наталья Борисовна
Идентификатор авторитетной/нормативной записи RU\NLR\auth\7757156
Системный номер авторитетной/нормативной записи 40088
701 #1 - ИМЯ ЛИЦА - АЛЬТЕРНАТИВНАЯ ОТВЕТСТВЕННОСТЬ
Начальный элемент ввода Лаптандер
Часть имени, кроме начального элемента ввода Р. И.
Расширение инициалов личного имени Роза Ивановна
Код отношения Автор
701 #1 - ИМЯ ЛИЦА - АЛЬТЕРНАТИВНАЯ ОТВЕТСТВЕННОСТЬ
Начальный элемент ввода Янгасова
Часть имени, кроме начального элемента ввода Н. М.
Расширение инициалов личного имени Нейко Максимовна
Код отношения Автор
702 #1 - ИМЯ ЛИЦА - ВТОРИЧНАЯ ОТВЕТСТВЕННОСТЬ
Код отношения Редактор
Материалы, к которым относится поле rus
Графика поля Кириллица
Начальный элемент ввода Кошкарева
Часть имени, кроме начального элемента ввода Н. Б.
Расширение инициалов личного имени Наталья Борисовна
Идентификатор авторитетной/нормативной записи RU\NLR\auth\7757156
Системный номер авторитетной/нормативной записи 40088
801 #0 - ИСТОЧНИК ЗАПИСИ
Страна Российская Федерация
Организация NLR
Дата составления 20110922
Правила каталогизации RCR
801 #1 - ИСТОЧНИК ЗАПИСИ
Страна Российская Федерация
Организация NLR
Дата составления 20110922
830 ## - ОБЩЕЕ ПРИМЕЧАНИЕ, СОСТАВЛЕННОЕ КАТАЛОГИЗАТОРОМ
Текст примечания авт. раскрыты по кн.
852 ## - МЕСТОНАХОЖДЕНИЕ И ШИФР ХРАНЕНИЯ
Идентификатор организации NLR
Наименование фонда или коллекции (Sub-Location Identifier) ОНЛ
Шифр хранения (Call Number) Ненец./4-28
942 ## - ДОПОЛНИТЕЛЬНЫЕ ЭЛЕМЕНТЫ ЗАПИСИ (АБИС)
Тип экземпляра АБИС Книга
980 ## - КОЛЛЕКЦИЯ
Название коллекции Национальная библиография
Экземпляры
Тип экземпляра Дата поступления Источник поступления Библиотека постоянного хранения Библиотека текущего хранения Место хранения Шифр хранения Штрих-код Статус экземпляра
Книга 22.09.2011 Обязательный экземпляр РНБ (Московский) РНБ (Московский) Фонд национальных литератур ОНЛ Ненец./4-28 1-380114  
Книга 22.09.2011 Обязательный экземпляр РНБ (Садовая) РНБ (Садовая) Фонд международного книгообмена   3493294